Las enfermedades y su tratamiento por la plantas. Tratado práctico de medicina vegetal para la eficaz aplicación de las plantas medicinales basado en las más modernas investigaciones.

Uloženo v:
Podrobná bibliografie
Hlavní autor: Vander, Adrián (autor)
Médium: Neznámo
Vydáno: México, D.F., México: Berbera Editores, 2022.
Témata:
Tagy: Přidat tag
Žádné tagy, Buďte první, kdo vytvoří štítek k tomuto záznamu!

MARC

LEADER 00000 a2200000 4500
003 CL-VaPUC
005 20231108103124.0
008 231030t2022| |||| 00| 0 eng d
999 |c 442116  |d 442114 
020 |a 9789707830837 
040 |c Pontificia Universidad Católica de Valparaíso 
082 7 |a 615.32 VAN 2022  |2 22 
100 |a Vander, Adrián   |9 885202  |e autor 
245 1 4 |a Las enfermedades y su tratamiento por la plantas.   |b Tratado práctico de medicina vegetal para la eficaz aplicación de las plantas medicinales basado en las más modernas investigaciones.  
260 |a México, D.F., México:  |b Berbera Editores,  |c 2022. 
300 |a 370 páginas:   |b 150 ilustraciones originales.  
500 |a Incluye Esquema de Plantas Medicinales a todo color.  
505 |a Parte 1. Las plantas medicinales y sus propiedades curativas Parte 2. Descripción y tratamiento de las enfermedades, con 300 recetas originales de plantas para los diversos casos. 
583 |k GC  |c 20231030 
650 0 |a Plantas medicinales  |9 876361  |x Uso terapéutico  
942 |2 ddc  |c BK 
952 |0 0  |1 0  |2 ddc  |4 0  |6 615_320000000000000_VAN_2022  |7 0  |8 A  |9 592125  |a BIBCUR  |b BIBCUR  |c GEN  |d 2023-10-25  |e 1  |g 27299.00  |i 5659159  |o 615.32 VAN 2022  |p 5659159  |r 2025-04-22  |t 4  |v 27299.00  |w 2023-10-25  |y BK  |k BIO 
952 |0 0  |1 0  |2 ddc  |4 0  |6 615_320000000000000_VAN_2022  |7 0  |8 A  |9 592126  |a BIBCUR  |b BIBCUR  |c GEN  |d 2023-10-25  |e 1  |g 27299.00  |i 5659157  |o 615.32 VAN 2022  |p 5659157  |r 2025-04-22  |t 2  |v 27299.00  |w 2023-10-25  |y BK  |k BIO 
952 |0 0  |1 0  |2 ddc  |4 0  |6 615_320000000000000_VAN_2022  |7 0  |8 A  |9 592127  |a BIBCUR  |b BIBCUR  |c GEN  |d 2023-10-25  |e 1  |g 27299.00  |i 5659156  |l 1  |o 615.32 VAN 2022  |p 5659156  |r 2025-04-22  |s 2023-11-09  |t 1  |v 27299.00  |w 2023-10-25  |y BK  |k BIO 
952 |0 0  |1 0  |2 ddc  |4 0  |6 615_320000000000000_VAN_2022  |7 0  |8 A  |9 592128  |a BIBCUR  |b BIBCUR  |c GEN  |d 2023-10-25  |e 1  |g 27299.00  |i 5659158  |l 5  |m 1  |o 615.32 VAN 2022  |p 5659158  |r 2025-04-22  |s 2024-08-16  |t 3  |v 27299.00  |w 2023-10-25  |y BK  |k BIO